| 000 | 00659nam a2200205Ii 4500 | ||
|---|---|---|---|
| 003 | JO-AjNU | ||
| 008 | 230605s9999||||xx |||||||||||||| ||und|| | ||
| 040 |
_aJO-AjNU _bara _erda _cJO-AjNU |
||
| 041 | _aara | ||
| 050 | 1 | 4 | _aKRM2690.R46.A3548 |
| 100 | 3 |
_a شرف الدين، أحمد السعيد , _eauthor _947006 |
|
| 245 | 0 | 0 | _aالتعويضات عن الأضرار الجسدية |
| 250 | _a(د،ط) | ||
| 264 | 3 | 1 | _aد ، م : د ،ن ، ، د ، ت |
| 300 | _a358ص | ||
| 336 |
_atext _btxt _2rdacontent |
||
| 337 |
_aunmediated _bn _2rdamedia |
||
| 338 |
_avolume _bnc _2rdacarrier |
||
| 650 | 4 |
_aالتعويض -- قوانين -- مصر _947007 |
|
| 999 |
_aA20490 _c24058 _d24058 |
||